Top 50 Länder nach Einwohnern in absteigender Reihenfolge - Statistiken

Allgemein
  • Dieses Quiz wurde 98 mal gespielt
  • Das Durchschnittsergebnis liegt bei 22 aus 50
Antwortstatistiken
Einwohner Land % Korrekt
1423 mio China
100%
1470 mio Indien
100%
352 mio Vereinigte Staaten
92%
287 mio Indonesien
91%
213 mio Brasilien
88%
144 mio Russland
88%
83.7 mio Deutschland
84%
257 mio Pakistan
83%
240 mio Nigeria
82%
69.3 mio Frankreich
78%
123 mio Japan
78%
177 mio Bangladesch
70%
102 mio Vietnam
70%
87.8 mio Türkei
68%
132 mio Mexiko
66%
119 mio Ägypten
62%
59.0 mio Italien
62%
92.8 mio Iran
61%
137 mio Äthiopien
58%
70.3 mio Vereinigtes Königreich
55%
115 mio Demokratische Republik Kongo
54%
117 mio Philippinen
54%
47.9 mio Spanien
49%
71.6 mio Thailand
43%
71.6 mio Tansania
36%
47.5 mio Irak
34%
52.1 mio Uganda
30%
53.7 mio Kolumbien
29%
58.1 mio Kenia
26%
37.9 mio Polen
26%
45.9 mio Argentinien
25%
42.4 mio Jemen
25%
65.1 mio Südafrika
25%
39.7 mio Ukraine
25%
40.3 mio Kanada
22%
37.4 mio Usbekistan
21%
34.8 mio Peru
20%
51.6 mio Südkorea
18%
47.7 mio Algerien
17%
55.0 mio Myanmar
17%
44.4 mio Afghanistan
14%
35.4 mio Ghana
14%
34.9 mio Saudi-Arabien
14%
39.2 mio Marokko
13%
33.1 mio Elfenbeinküste
12%
39.6 mio Angola
9%
52.5 mio Sudan
9%
36.2 mio Malaysia
8%
33.1 mio Madagaskar
7%
36.1 mio Mosambik
5%
Keine übereinstimmenden Quizze gefunden
Verteilung der Resultate
Anzahl Personen mit jedem Resultat
Perzentil nach korrekt beantworteten Fragen
Ihre Resultats-Entwicklung
Sie haben dieses Quiz noch nicht gespielt